| 000 | 01093nam a2200289 a 4500 | ||
|---|---|---|---|
| 001 | BRL_1315 | ||
| 005 | 20190320211137.0 | ||
| 008 | 060114s2008----mx-a######---#000-0#spa-# | ||
| 020 | _a9689294008 | ||
| 020 | _a9789689294009 | ||
| 041 | _aspa | ||
| 044 | _amx | ||
| 050 | 4 |
_aND259.K3 _b.R67 2008 |
|
| 245 | 1 | 0 |
_aEl ropero de Frida _c[Romeo Flores Caballero ... [et al.] ; fotografía Pablo Aguinaco, Graciela Iturbide. |
| 260 |
_aMéxico _bConsejo para la Cultura y las Artes de Nuevo León _c1ra. reimp. 2008 |
||
| 300 |
_a189 p. _bil. a color _c31 cm. |
||
| 500 | _aIncluye glosario | ||
| 504 | _aIncluye referencias bibliográficas | ||
| 600 | 1 | 4 |
_aKahlo, Frida _d1907-1954 _vLibros de láminas _xPrendas de vestir _926488 |
| 600 | 1 | 4 |
_aKahlo, Frida _d1907-1954 _xVestuario y accesorios _926489 |
| 650 | 1 | 4 |
_aPintoras _vLibros de láminas _xPrendas de vestir _zMéxico _926490 |
| 650 | 1 | 4 |
_aPrendas de vestir _ySiglo XX _zMéxico _926491 |
| 700 | 1 |
_aFlores Caballero, Romeo _910438 |
|
| 700 | 1 |
_aAguinaco, Pablo _eil. _926492 |
|
| 700 | 1 |
_aIturbide, Graciela _eil. _926493 |
|
| 942 |
_2lcc _cB |
||
| 999 |
_c10127 _d10127 |
||